| 000 | 00719nam a22001817a 4500 | ||
|---|---|---|---|
| 999 |
_c371620 _d371620 |
||
| 008 | 201127b ||||| |||| 00| 0 eng d | ||
| 040 |
_aDE-2950 _bger _cDE-2950 _erda |
||
| 041 | _ager | ||
| 245 |
_aSVF hofft auf viele Neukunden. _bÖPNV: Die Stadtverkehrsgesellschaft (SVF) in Frankfurt (Oder) bereitet die Einführung des 9-Euro-Tickets vor. Was Kunden beachten müssen / _cPhilipp Stepputtis |
||
| 264 | _c2022 | ||
| 653 | _aFrankfurt (Oder) | ||
| 653 | _aStadtverkehr | ||
| 773 |
_dFrankfurt (Oder) Märkisches Verlags- und Druckhaus GmbH & Co KG _tMärkische Oderzeitung _g33. Jahrgang (2022) Nr. 113 vom 16.05.2022, S. 11 |
||
| 942 | _cA | ||